[Event "FIDE-Wch k.o. (Women)"]
[Site "Elista RUS"]
[Date "2004.05.27"]
[Round "3.2"]
[White "Humpy, Koneru"]
[Black "Kosintseva, Tatiana"]
[Result "0-1"]
[WhiteElo "2513"]
[BlackElo "2451"]
[EventDate "2004.05.22"]
[PlyCount "155"]

1.d4 g6 2.c4 Bg7 3.Nc3 c5 4.d5 d6 5.e4 e5 6.dxe6 Bxe6 7.Nb5 a6 8.Nxd6+ Ke7
9.Bg5+ f6 10.Bf4 Bh6 11.Bxh6 Nxh6 12.Qd2 Qxd6 13.Qxh6 Nc6 14.Be2 Qd4 15.
Qd2 Qxe4 16.Qe3 Qxe3 17.fxe3 Ne5 18.b3 Rhd8 19.h3 b5 20.Nf3 Nd3+ 21.Bxd3 
Rxd3 22.cxb5 axb5 23.Ke2 Rc3 24.Kd2 b4 25.Rhd1 c4 26.bxc4 Bxc4 27.Rdb1 
Rd3+ 28.Kc2 Rxe3 29.Rxb4 Re2+ 30.Kc3 Bxa2 31.Rb7+ Kf8 32.Rxh7 Rc8+ 33.Kd3 
Rxg2 34.Ra7 Bd5 35.Nh4 Rg3+ 36.Kd4 Rd8 37.R1a3 Bf7+ 38.Ke4 Re8+ 39.Kd4 Rg5
40.R3a5 Rd8+ 41.Ke4 Rg3 42.Ra3 Bd5+ 43.Kd4 Bb3+ 44.Kc5 Rg5+ 45.Kb6 Bf7 46.
Rc3 Be8 47.Rh7 Rd6+ 48.Kc7 Re6 49.Kc8 Re7 50.Rxe7 Kxe7 51.Kc7 Re5 52.Nf3 
Re4 53.Nd2 Re2 54.Nc4 Bd7 55.Ne3 Be6 56.Kc6 f5 57.Kc5 Kf6 58.Kd4 f4 59.Nc2
Bxh3 60.Kd3 Re6 61.Kd2 Bf5 62.Nd4 Rd6 63.Rc4 g5 64.Ke2 g4 65.Kf2 Be4 66.
Ne2 Ke5 67.Rc5+ Bd5 68.Rc8 Rg6 69.Re8+ Be6 70.Rf8 g3+ 71.Kg1 Bf5 72.Re8+ 
Be6 73.Rf8 Rg4 74.Kg2 Rh4 75.Ng1 Rh2+ 76.Kf1 Bc4+ 77.Ke1 Rh1 78.Re8+ 0-1

[Event "FIDE-Wch k.o. (Women)"]
[Site "Elista RUS"]
[Date "2004.05.27"]
[Round "3.4"]
[White "Humpy, Koneru"]
[Black "Kosintseva, Tatiana"]
[Result "1-0"]
[WhiteElo "2513"]
[BlackElo "2451"]
[EventDate "2004.05.22"]
[PlyCount "95"]

1.d4 g6 2.Nf3 Bg7 3.g3 c5 4.Bg2 cxd4 5.Nxd4 Nc6 6.Nb3 h5 7.h3 d6 8.c4 Be6 
9.c5 d5 10.N1d2 Nf6 11.h4 O-O 12.O-O Bf5 13.Nf3 e5 14.Bg5 Qd7 15.Nfd2 Nh7 
16.e4 Bg4 17.f3 Be6 18.exd5 Bxd5 19.Be3 a5 20.Nc4 Qe6 21.Nb6 Rad8 22.Nd2 
Nb4 23.a3 Nd3 24.Nxd5 Rxd5 25.Qc2 Nxc5 26.Bxc5 Rc8 27.b4 b6 28.f4 Rdd8 29.
f5 gxf5 30.Bh3 Qh6 31.Nc4 bxc5 32.Bxf5 Rc7 33.b5 Nf6 34.Rad1 Rd4 35.b6 Rb7
36.Rxd4 exd4 37.Bc8 Rb8 38.b7 Ng4 39.Qf5 Bf6 40.Rf4 Qg7 41.Kg2 Be7 42.Qe4 
Kf8 43.Nb6 Ne5 44.Qxe5 Qxe5 45.Nd7+ Ke8 46.Nxe5 Bd6 47.Re4 f5 48.Re1 1-0

[Event "FIDE-Wch k.o. (Women)"]
[Site "Elista RUS"]
[Date "2004.05.26"]
[Round "3.1"]
[White "Cramling, Pia"]
[Black "Cmilyte, Viktorija"]
[Result "1/2-1/2"]
[WhiteElo "2491"]
[BlackElo "2430"]
[EventDate "2004.05.22"]
[PlyCount "32"]

1.d4 Nf6 2.Nf3 e6 3.c4 b6 4.g3 Ba6 5.Qb3 Nc6 6.Nbd2 d5 7.Qa4 Bb7 8.Bg2 Qd7
9.cxd5 exd5 10.O-O Bd6 11.Nb1 O-O 12.Nc3 h6 13.Bd2 Rfe8 14.Rad1 Rad8 15.
Rfe1 a6 16.Qc2 Ne4 1/2-1/2

[Event "FIDE-Wch k.o. (Women)"]
[Site "Elista RUS"]
[Date "2004.05.27"]
[Round "3.2"]
[White "Cmilyte, Viktorija"]
[Black "Cramling, Pia"]
[Result "1/2-1/2"]
[WhiteElo "2430"]
[BlackElo "2491"]
[EventDate "2004.05.22"]
[PlyCount "63"]

1.d4 Nf6 2.c4 e6 3.Nf3 d5 4.Nc3 dxc4 5.e3 a6 6.a4 c5 7.Bxc4 Nc6 8.O-O Be7 
9.Qe2 cxd4 10.Rd1 e5 11.exd4 exd4 12.Nxd4 Nxd4 13.Qe5 Qd6 14.Qxd4 Qxd4 15.
Rxd4 Be6 16.Bxe6 fxe6 17.Bg5 Rd8 18.Rxd8+ Kxd8 19.Kf1 Re8 20.a5 Kd7 21.
Rd1+ Kc6 22.Rc1 Nd5 23.Nxd5+ Kxd5 24.Be3 Bd6 25.Ke2 Rf8 26.g3 Rf7 27.Bb6 
Be5 28.Rc5+ Kd6 29.Rc2 Kd5 30.Ke3 Bd6 31.b3 g6 32.Rc4 1/2-1/2

[Event "FIDE-Wch k.o. (Women)"]
[Site "Elista RUS"]
[Date "2004.05.27"]
[Round "3.3"]
[White "Cmilyte, Viktorija"]
[Black "Cramling, Pia"]
[Result "1/2-1/2"]
[WhiteElo "2430"]
[BlackElo "2491"]
[EventDate "2004.05.22"]
[PlyCount "135"]

1.d4 Nf6 2.c4 e6 3.Nf3 c5 4.d5 exd5 5.cxd5 Bd6 6.g3 Bc7 7.Bg2 d6 8.O-O O-O
9.Nc3 a6 10.a4 Nbd7 11.Nh4 Re8 12.b3 Rb8 13.Bb2 b5 14.Qc2 Ne5 15.Rad1 bxa4
16.Nxa4 Bd7 17.h3 c4 18.Rc1 Rb5 19.b4 Rxb4 20.Bxe5 Rb3 21.Qc3 Rxe5 22.Qxc4
Rb7 23.Qxa6 Rb4 24.Nc3 Bb6 25.Nf3 Re8 26.Qd3 Bc5 27.Rb1 Qa5 28.e3 g6 29.
Nd2 Bf5 30.e4 Bc8 31.Qf3 Qd8 32.Rxb4 Bxb4 33.Rb1 Bc5 34.Nb3 Bb6 35.Qd3 Nd7
36.Nd4 Qf6 37.Nce2 Bc5 38.Rd1 Ne5 39.Qb5 Bd7 40.Qb3 Ra8 41.f4 Ba4 42.Qb7 
Qd8 43.Rb1 Nd7 44.Qb2 Rb8 45.Qc1 Rxb1 46.Qxb1 Qa5 47.Qa1 Qb4 48.Kh2 Qc4 
49.Qc3 Qa6 50.Nc1 Qb6 51.Ncb3 Bxb3 52.Nxb3 Bg1+ 53.Kh1 Nc5 54.Nd2 Bf2 55.
Kh2 Bg1+ 56.Kh1 Bf2 57.h4 Qa6 58.Bf1 Qa4 59.Kg2 Be1 60.e5 Qa2 61.exd6 
Qxd5+ 62.Kh3 Bxd2 63.Qe5 Qh1+ 64.Kg4 Qxf1 65.Qe8+ Kg7 66.Qe5+ Kg8 67.Qe8+ 
Kg7 68.Qe5+ 1/2-1/2

[Event "FIDE-Wch k.o. (Women)"]
[Site "Elista RUS"]
[Date "2004.05.27"]
[Round "3.4"]
[White "Cramling, Pia"]
[Black "Cmilyte, Viktorija"]
[Result "1/2-1/2"]
[WhiteElo "2491"]
[BlackElo "2430"]
[EventDate "2004.05.22"]
[PlyCount "83"]

1.d4 Nf6 2.Nf3 e6 3.g3 b5 4.Qd3 a6 5.a4 b4 6.Bg2 Bb7 7.O-O c5 8.c3 bxc3 9.
bxc3 Be7 10.Bg5 Be4 11.Qd1 d5 12.Nbd2 cxd4 13.cxd4 Bxf3 14.Bxf3 Nc6 15.e3 
O-O 16.Be2 h6 17.Bxf6 Bxf6 18.a5 Nxa5 19.Qa4 Nb7 20.Bxa6 Nd6 21.Qc6 Rb8 
22.Rfb1 Qe7 23.Bd3 Rxb1+ 24.Rxb1 Rc8 25.Qa6 Qc7 26.Nb3 Rb8 27.Rc1 Qb6 28.
Qxb6 Rxb6 29.Nc5 Be7 30.Ra1 Rb8 31.Ra7 Bf8 32.Kg2 h5 33.h4 Rc8 34.Nd7 Be7 
35.Ne5 Bf6 36.Ba6 Re8 37.Nc6 g6 38.Rd7 Nf5 39.Bd3 Rc8 40.Nb4 Ne7 41.Na6 
Nc6 42.Nc5 1/2-1/2

[Event "FIDE-Wch k.o. (Women)"]
[Site "Elista RUS"]
[Date "2004.05.27"]
[Round "3.5"]
[White "Cmilyte, Viktorija"]
[Black "Cramling, Pia"]
[Result "1-0"]
[WhiteElo "2430"]
[BlackElo "2491"]
[EventDate "2004.05.22"]
[PlyCount "81"]

1.d4 Nf6 2.c4 c5 3.d5 e6 4.Nc3 exd5 5.cxd5 Bd6 6.g3 Be5 7.Bg2 d6 8.Nf3 
Bxc3+ 9.bxc3 Qa5 10.Bb2 Nbd7 11.O-O Nb6 12.Nd2 c4 13.e4 O-O 14.Qe2 Bd7 15.
Rfe1 Rac8 16.Nf3 Rfe8 17.Qc2 Na4 18.e5 Nxd5 19.Ng5 g6 20.exd6 Nxb2 21.Qxb2
Qxc3 22.Qxc3 Nxc3 23.Bxb7 Rb8 24.Ba6 Ne2+ 25.Kf1 h6 26.Rxe2 Rxe2 27.Kxe2 
Rb2+ 28.Ke3 hxg5 29.Bxc4 Rc2 30.Bb3 Rc3+ 31.Kd4 Rf3 32.Rc1 Rxf2 33.Rc7 Bg4
34.Rxa7 Rxh2 35.Rxf7 Kh8 36.Ke5 Rd2 37.Bd5 Re2+ 38.Kf6 Rd2 39.Kxg6 Bh5+ 
40.Kxh5 Rxd5 41.d7 1-0

[Event "FIDE-Wch k.o. (Women)"]
[Site "Elista RUS"]
[Date "2004.05.27"]
[Round "3.6"]
[White "Cramling, Pia"]
[Black "Cmilyte, Viktorija"]
[Result "0-1"]
[WhiteElo "2491"]
[BlackElo "2430"]
[EventDate "2004.05.22"]
[PlyCount "101"]

1.d4 Nf6 2.Nf3 e6 3.g3 b5 4.Bg2 Bb7 5.O-O c5 6.c3 Be7 7.Bg5 Qc7 8.Nbd2 O-O
9.e4 d6 10.Qe2 a6 11.a4 Qb6 12.e5 dxe5 13.dxe5 Nd5 14.Bxe7 Nxe7 15.Ne4 Nd7
16.Rfd1 Bd5 17.h4 Qc6 18.Ned2 c4 19.Nd4 Qb7 20.Bxd5 Nxd5 21.Ne4 bxa4 22.
Nd6 Qc7 23.Nxc4 N5b6 24.Nxb6 Nxb6 25.f4 Qc5 26.Kh2 Rfd8 27.Nc2 Nc4 28.Nd4 
Rab8 29.Ra2 a5 30.Rb1 a3 31.b3 Nb6 32.Nb5 Nd5 33.c4 Rxb5 34.cxb5 Nc3 35.
Rc1 Qd4 36.Qf2 Qb4 37.Rd2 Nd5 38.Qe2 Qxb3 39.Qd3 Qb4 40.Rb1 Qe7 41.b6 a2 
42.Ra1 Rb8 43.Rb2 Nb4 44.Qb5 Qd8 45.Qxa5 Nc6 46.Qc5 Nd4 47.Raxa2 h5 48.b7 
Nf3+ 49.Kg2 Ne1+ 50.Kf1 Nd3 51.Qa7 0-1

[Event "FIDE-Wch k.o. (Women)"]
[Site "Elista RUS"]
[Date "2004.05.26"]
[Round "3.1"]
[White "Lomineishvili, Maia"]
[Black "Dzagnidze, Nana"]
[Result "0-1"]
[WhiteElo "2397"]
[BlackElo "2452"]
[EventDate "2004.05.22"]
[PlyCount "114"]

1.d4 Nf6 2.c4 e6 3.Nc3 Bb4 4.e3 c5 5.Bd3 Nc6 6.Ne2 cxd4 7.exd4 d5 8.cxd5 
Nxd5 9.O-O O-O 10.Nxd5 exd5 11.Nf4 Bd6 12.Re1 Qf6 13.Nxd5 Qxd4 14.Be3 Qg4 
15.Be2 Qh4 16.g3 Qd8 17.Qd2 Be6 18.Red1 Be5 19.f4 Bxd5 20.Qxd5 Bxb2 21.
Rab1 Qf6 22.Bg4 Rfe8 23.Qb3 Bc3 24.Bf2 b6 25.Bd7 Na5 26.Qd5 Red8 27.Rbc1 
Rab8 28.Qf3 Qe7 29.Qxc3 Rxd7 30.Qc8+ Rd8 31.Rxd8+ Qxd8 32.Qxd8+ Rxd8 33.
Rc7 Ra8 34.g4 h6 35.Kg2 Rd8 36.Rxa7 Rd2 37.Kf3 Nc4 38.a4 Ra2 39.h4 Nd2+ 
40.Ke3 b5 41.Be1 Nf1+ 42.Kf3 bxa4 43.Ra8+ Kh7 44.Ra7 Ra3+ 45.Ke2 Ng3+ 46.
Kd2 Ne4+ 47.Ke2 f6 48.Bb4 Rg3 49.Re7 f5 50.gxf5 Nf6 51.Ra7 Nd5 52.Rxa4 
Re3+ 53.Kd2 Re4 54.f6 Nxf6 55.f5 Nd5 56.f6 Nxf6 57.Kd3 Rxh4 0-1

[Event "FIDE-Wch k.o. (Women)"]
[Site "Elista RUS"]
[Date "2004.05.27"]
[Round "3.2"]
[White "Dzagnidze, Nana"]
[Black "Lomineishvili, Maia"]
[Result "1-0"]
[WhiteElo "2452"]
[BlackElo "2397"]
[EventDate "2004.05.22"]
[PlyCount "85"]

1.d4 Nf6 2.Nf3 g6 3.b3 Bg7 4.Bb2 O-O 5.c4 d6 6.Nc3 Nbd7 7.d5 e5 8.dxe6 
fxe6 9.g3 Nc5 10.Bg2 a5 11.O-O a4 12.Nb5 Bd7 13.Nd2 Bc6 14.b4 Bxg2 15.Kxg2
Ncd7 16.Nf3 d5 17.cxd5 exd5 18.Bd4 c6 19.Nc3 a3 20.Qb3 Qe7 21.Rad1 Kh8 22.
Rfe1 Rfe8 23.e4 Nxe4 24.Nxe4 dxe4 25.Ng5 Bxd4 26.Rxd4 Qxg5 27.Rxd7 Qf6 28.
Rf7 Qb2 29.Qc4 Qe5 30.Rxb7 Re6 31.Rd1 e3 32.Rdd7 e2 33.Rxh7+ Kg8 34.Rbg7+ 
Kf8 35.Rf7+ Ke8 36.Rfg7 Kf8 37.Rf7+ Ke8 38.Rfg7 Kd8 39.Rg8+ Re8 40.Rxe8+ 
Qxe8 41.Qd4+ Kc8 42.Qg4+ Kd8 43.Qf4 1-0

[Event "FIDE-Wch k.o. (Women)"]
[Site "Elista RUS"]
[Date "2004.05.26"]
[Round "3.1"]
[White "Bojkovic, Natasa"]
[Black "Kachiani-Gersinska, Ketino"]
[Result "0-1"]
[WhiteElo "2400"]
[BlackElo "2439"]
[EventDate "2004.05.22"]
[PlyCount "88"]

1.e4 c6 2.d4 d5 3.e5 Bf5 4.h4 h6 5.g4 Bd7 6.h5 e6 7.f4 c5 8.c3 Qb6 9.Nf3 
Nc6 10.a3 Rc8 11.Rh2 cxd4 12.cxd4 Na5 13.Nbd2 Ne7 14.b3 Bb5 15.Rb1 f5 16.
exf6 gxf6 17.Bxb5+ Qxb5 18.Re2 Kf7 19.Kf2 Nec6 20.Nf1 Bd6 21.Be3 Rcg8 22.
N1h2 Bxa3 23.g5 hxg5 24.fxg5 Rxh5 25.Ra2 Rgh8 26.Rxa3 Rxh2+ 27.Nxh2 Rxh2+ 
28.Kg3 Qe2 29.Qxe2 Rxe2 30.Kf3 Rc2 31.gxf6 Kxf6 32.Kf4 Rh2 33.Raa1 b6 34.
Bg1 Rh4+ 35.Kg3 Re4 36.b4 Nc4 37.b5 Nxd4 38.Bxd4+ Rxd4 39.Rxa7 Rd3+ 40.Kf2
Rd2+ 41.Kg3 Ke5 42.Rc7 Kd4 43.Rh1 e5 44.Rh5 Rb2 0-1

[Event "FIDE-Wch k.o. (Women)"]
[Site "Elista RUS"]
[Date "2004.05.27"]
[Round "3.2"]
[White "Kachiani-Gersinska, Ketino"]
[Black "Bojkovic, Natasa"]
[Result "1/2-1/2"]
[WhiteElo "2439"]
[BlackElo "2400"]
[EventDate "2004.05.22"]
[PlyCount "53"]

1.d4 Nf6 2.c4 e6 3.g3 Bb4+ 4.Bd2 Be7 5.Bg2 d5 6.Nf3 c6 7.Qb3 b6 8.cxd5 
exd5 9.Nc3 O-O 10.O-O a5 11.Ne5 Be6 12.Rac1 Nfd7 13.Nxd7 Nxd7 14.Rfd1 Bd6 
15.Qc2 f5 16.Qb3 Qe7 17.e3 Bf7 18.a4 Rac8 19.Ne2 Rc7 20.Nf4 Rb8 21.Rc2 
Rbb7 22.Rdc1 Nb8 23.Nd3 Kh8 24.Nf4 Kg8 25.Nd3 Qf6 26.Qa2 Qe7 27.Qb3 
1/2-1/2

[Event "FIDE-Wch k.o. (Women)"]
[Site "Elista RUS"]
[Date "2004.05.30"]
[Round "4.2"]
[White "Xu Yuhua"]
[Black "Humpy, Koneru"]
[Result "0-1"]
[WhiteElo "2474"]
[BlackElo "2513"]
[EventDate "2004.05.22"]
[PlyCount "180"]

1.e4 c6 2.d4 d5 3.Nd2 dxe4 4.Nxe4 Nd7 5.Ng5 Ngf6 6.Bd3 e6 7.N1f3 Bd6 8.Qe2
h6 9.Ne4 Nxe4 10.Qxe4 Nf6 11.Qe2 Qc7 12.Bd2 b6 13.Ne5 Bb7 14.O-O-O O-O-O 
15.f4 Kb8 16.Rhf1 c5 17.dxc5 Bxc5 18.Kb1 Rhe8 19.a3 Bd6 20.g4 Nd5 21.c4 
Nf6 22.Bc3 Ng8 23.h4 f6 24.Ng6 Ne7 25.h5 Nc6 26.g5 fxg5 27.fxg5 hxg5 28.
Be4 e5 29.Qg4 Nd4 30.Bxb7 Qxb7 31.Bxd4 exd4 32.Qxd4 Bc7 33.Qxg7 Qe4+ 34.
Ka1 Rxd1+ 35.Rxd1 Qe2 36.Rc1 Qxh5 37.c5 Qe2 38.cxb6 Bxb6 39.Qd7 Rd8 40.Qf5
Qd2 41.Qe5+ Ka8 42.Qe4+ Kb8 43.Rb1 Qe3 44.Qc6 g4 45.Nh4 Qg5 46.Ng2 Qd5 47.
Qc2 Qd3 48.Qa4 Qd4 49.Qb3 Qd3 50.Qe6 g3 51.Nf4 Qf3 52.Qe5+ Ka8 53.Ne6 Rc8 
54.Ng5 Qd3 55.Qe6 Kb8 56.Nh3 g2 57.Ng1 Bxg1 58.Rxg1 Qf1+ 59.Ka2 Qxg1 60.
Qd6+ Kb7 61.Qd7+ Rc7 62.Qd5+ Rc6 63.Qd7+ Kb6 64.Qd8+ Kc5 65.Qa5+ Kd6 66.
Qd8+ Ke5 67.Qe7+ Re6 68.Qg7+ Ke4 69.Qb7+ Kd3 70.Qb3+ Ke2 71.Qc4+ Kf3 72.
Qxe6 Qd4 73.Qf5+ Kg3 74.Qg5+ Kh3 75.Qh6+ Qh4 76.Qe3+ Kh2 77.Qe5+ Kh1 78.
Qd5 Qg4 79.b4 Kh2 80.Qd6+ Kh3 81.Qd3+ Kh4 82.Qh7+ Kg5 83.Qe7+ Kf4 84.Qc7+ 
Kf3 85.Qc3+ Kf2 86.Qc5+ Kg3 87.Qe3+ Qf3 88.Qg5+ Kf2 89.Qc5+ Qe3 90.Qf5+ 
Ke1 0-1

[Event "FIDE-Wch k.o. (Women)"]
[Site "Elista RUS"]
[Date "2004.05.29"]
[Round "4.1"]
[White "Kovalevskaya, Ekaterina"]
[Black "Kachiani-Gersinska, Ketino"]
[Result "0-1"]
[WhiteElo "2467"]
[BlackElo "2439"]
[EventDate "2004.05.22"]
[PlyCount "78"]

1.e4 c6 2.d4 d5 3.exd5 cxd5 4.c3 Nc6 5.Nf3 Bf5 6.Bf4 e6 7.Qb3 Qd7 8.Nbd2 
Nge7 9.Ne5 Nxe5 10.Bxe5 Nc6 11.Bg3 f6 12.Be2 h5 13.h3 g5 14.Qd1 Qh7 15.O-O
g4 16.h4 Bh6 17.Nb3 O-O 18.Nc5 b6 19.Nd3 Ne7 20.Nf4 Qf7 21.Re1 Be4 22.Bd3 
e5 23.dxe5 fxe5 24.Nxh5 Bxd3 25.Rxe5 Ng6 26.Qxg4 Bf5 27.Qd1 Nxe5 28.Bxe5 
Bc2 29.Qxc2 Qxh5 30.Bg3 Bf4 31.Bxf4 Rxf4 32.g3 Re4 33.Rd1 Rae8 34.Kg2 Rxh4
35.gxh4 Qg4+ 36.Kf1 Qh3+ 37.Kg1 Re4 38.f3 Qxf3 39.Qg2+ Rg4 0-1

[Event "FIDE-Wch k.o. (Women)"]
[Site "Elista RUS"]
[Date "2004.05.30"]
[Round "4.2"]
[White "Kachiani-Gersinska, Ketino"]
[Black "Kovalevskaya, Ekaterina"]
[Result "0-1"]
[WhiteElo "2439"]
[BlackElo "2467"]
[EventDate "2004.05.22"]
[PlyCount "70"]

1.d4 Nf6 2.c4 e6 3.g3 Bb4+ 4.Bd2 a5 5.Nf3 O-O 6.Bg2 b6 7.O-O Ba6 8.Qc2 d5 
9.Bxb4 axb4 10.Nbd2 Bb7 11.Ne5 Na6 12.cxd5 exd5 13.a3 Qe7 14.e3 c5 15.axb4
Nxb4 16.Qc3 Rfc8 17.Rxa8 Rxa8 18.Rd1 Ba6 19.Ra1 Rc8 20.Qa3 h6 21.Bh3 Rc7 
22.Bf1 Bxf1 23.Qa8+ Kh7 24.Nxf1 cxd4 25.exd4 Nc2 26.Rc1 Nxd4 27.Rxc7 Qxc7 
28.Nd3 Qc2 29.Qa3 Ne4 30.Ne3 Qe2 31.b4 Nf3+ 32.Kg2 Qxd3 33.Qxd3 Ne1+ 34.
Kf1 Nxd3 35.Nxd5 Nf6 0-1

[Event "FIDE-Wch k.o. (Women)"]
[Site "Elista RUS"]
[Date "2004.05.30"]
[Round "4.3"]
[White "Kachiani-Gersinska, Ketino"]
[Black "Kovalevskaya, Ekaterina"]
[Result "0-1"]
[WhiteElo "2439"]
[BlackElo "2467"]
[EventDate "2004.05.22"]
[PlyCount "144"]

1.d4 Nf6 2.c4 e6 3.g3 d5 4.Nf3 Bb4+ 5.Bd2 Be7 6.Bg2 O-O 7.O-O c6 8.Qc2 b6 
9.b3 Bb7 10.Rd1 Nbd7 11.Nc3 Rc8 12.e4 Nxe4 13.Nxe4 dxe4 14.Qxe4 Nf6 15.Qc2
c5 16.Bc3 Qc7 17.Qe2 Ne4 18.Bb2 f5 19.Nd2 cxd4 20.Nxe4 fxe4 21.Bxd4 e5 22.
Be3 Rcd8 23.Qg4 Qc6 24.a4 Bb4 25.h4 Bc3 26.Rxd8 Rxd8 27.Rd1 Bd4 28.Re1 h6 
29.h5 Bc3 30.Rd1 Bd4 31.Kh2 Rd6 32.Re1 Qd7 33.Qxd7 Rxd7 34.Rd1 Kf7 35.Bh3 
Rd6 36.Bc1 Rf6 37.Be3 Rd6 38.b4 Ke7 39.c5 bxc5 40.bxc5 Rd8 41.Bf5 Bc6 42.
a5 Rf8 43.Bg4 Rd8 44.Kg1 Bxe3 45.fxe3 Rd3 46.Kf2 Rc3 47.Rd6 Rxc5 48.Rg6 
Kf8 49.a6 Be8 50.Rd6 Rc6 51.Rxc6 Bxc6 52.Bc8 Ke7 53.g4 Bd7 54.Bxd7 Kxd7 
55.Kg3 Ke6 56.Kh4 Kd5 57.g5 Kd6 58.Kg4 Ke6 59.gxh6 gxh6 60.Kg3 Kd5 61.Kg4 
Kc4 62.Kf5 Kd3 63.Kg6 Kxe3 64.Kxh6 Kd4 65.Kg5 e3 66.h6 e2 67.h7 e1=Q 68.
h8=Q Qg1+ 69.Kf5 Qf1+ 70.Kg4 Qxa6 71.Qd8+ Kc4 72.Qc7+ Kb4 0-1

[Event "FIDE-Wch k.o. (Women)"]
[Site "Elista RUS"]
[Date "2004.05.30"]
[Round "4.4"]
[White "Kovalevskaya, Ekaterina"]
[Black "Kachiani-Gersinska, Ketino"]
[Result "1/2-1/2"]
[WhiteElo "2467"]
[BlackElo "2439"]
[EventDate "2004.05.22"]
[PlyCount "83"]

1.e4 c6 2.d4 d5 3.Nd2 dxe4 4.Nxe4 Bf5 5.Ng3 Bg6 6.h4 h6 7.Nf3 Nd7 8.h5 Bh7
9.Bd3 Bxd3 10.Qxd3 Qc7 11.Bd2 Ngf6 12.O-O-O e6 13.Ne4 Be7 14.Nxf6+ Bxf6 
15.g4 O-O-O 16.Qe4 Rhe8 17.Bf4 Qa5 18.Kb1 Nb6 19.Bg3 Nc4 20.Rd3 Rd5 21.
Rhd1 Red8 22.Qf4 Kd7 23.Ne5+ Bxe5 24.dxe5 Rxd3 25.cxd3 Nb6 26.Qxf7+ Kc8 
27.Qxe6+ Kb8 28.Qb3 Nd5 29.a3 Ka8 30.d4 Qa6 31.Qd3 Qa4 32.Qc2 Qb5 33.Qd3 
Qb6 34.Qc4 a6 35.Re1 Qa5 36.Re2 Rf8 37.Qc5 Qd8 38.Qd6 Qxd6 39.exd6 Rd8 40.
Re6 Nf6 41.Bh4 Kb8 42.Bxf6 1/2-1/2

[Event "FIDE-Wch k.o. (Women)"]
[Site "Elista RUS"]
[Date "2004.05.31"]
[Round "5.1"]
[White "Kovalevskaya, Ekaterina"]
[Black "Humpy, Koneru"]
[Result "1-0"]
[WhiteElo "2467"]
[BlackElo "2513"]
[EventDate "2004.05.22"]
[PlyCount "117"]

1.e4 c5 2.Nf3 e6 3.c4 a6 4.Nc3 d6 5.d4 cxd4 6.Nxd4 Nf6 7.Be2 Be7 8.O-O O-O
9.Be3 Qc7 10.f3 Nbd7 11.Qd2 Re8 12.Rfc1 b6 13.a4 h5 14.a5 bxa5 15.Nb3 h4 
16.Nxa5 h3 17.g3 Ne5 18.Na4 Bd7 19.Nb6 Rab8 20.Nxd7 Qxd7 21.Ra2 Red8 22.b4
d5 23.exd5 Bxb4 24.Qd4 Qc7 25.Nb3 Nc6 26.Qd3 Be7 27.Qd1 exd5 28.c5 d4 29.
Bf4 Ne5 30.Rd2 Nh5 31.Nxd4 Nxf4 32.gxf4 Ng6 33.Nf5 Bxc5+ 34.Kf1 Qb6 35.
Rxd8+ Rxd8 36.Qc2 Bf8 37.Bc4 Nxf4 38.Qb3 Qg6 39.Ng3 Rd2 40.Qe3 Rxh2 41.
Qxf4 Rg2 42.Rd1 a5 43.Rd3 a4 44.Ne2 Rg5 45.Bxf7+ Qxf7 46.Qxg5 h2 47.Kg2 
Qc7 48.Qd5+ Kh7 49.f4 Qb6 50.Rh3+ Kg6 51.f5+ Kf6 52.Qe6+ Qxe6 53.fxe6 Bd6 
54.Nc3 Kxe6 55.Nxa4 Kf5 56.Nc3 g5 57.Ne2 Be5 58.Rb3 Kg4 59.Ng3 1-0

[Event "FIDE-Wch k.o. (Women)"]
[Site "Elista RUS"]
[Date "2004.06.01"]
[Round "5.2"]
[White "Humpy, Koneru"]
[Black "Kovalevskaya, Ekaterina"]
[Result "1-0"]
[WhiteElo "2513"]
[BlackElo "2467"]
[EventDate "2004.05.22"]
[PlyCount "101"]

1.d4 Nf6 2.c4 e6 3.Nf3 Bb4+ 4.Nbd2 O-O 5.a3 Be7 6.e4 d5 7.Bd3 dxe4 8.Nxe4 
Nxe4 9.Bxe4 c5 10.O-O f5 11.Bc2 cxd4 12.Nxd4 e5 13.Nb5 Be6 14.Qxd8 Bxd8 
15.Rd1 Nc6 16.Be3 a6 17.Nd6 Be7 18.Nxb7 Bxc4 19.Ba4 Nd4 20.Bxd4 exd4 21.
Rxd4 Bf7 22.Rad1 Bf6 23.Rb4 Rab8 24.Bc6 Rfc8 25.Bf3 Rc2 26.b3 Rc3 27.Nc5 
Rd8 28.Nxa6 Rxd1+ 29.Bxd1 Kf8 30.Kf1 Bd5 31.f3 Be7 32.Rb5 Be6 33.a4 f4 34.
Ke1 Bf6 35.Nc5 Bf5 36.Kd2 Ke7 37.a5 Bd4 38.Ne4 Bxe4 39.fxe4 Rc7 40.b4 Be3+
41.Kd3 Rd7+ 42.Rd5 Rxd5+ 43.exd5 Kd6 44.Bf3 Bf2 45.Kc4 Be1 46.Kb5 Kc7 47.
Ka4 Kd6 48.b5 Kc5 49.b6 Bc3 50.d6 Kxd6 51.a6 1-0

[Event "FIDE-Wch k.o. (Women)"]
[Site "Elista RUS"]
[Date "2004.06.01"]
[Round "5.4"]
[White "Humpy, Koneru"]
[Black "Kovalevskaya, Ekaterina"]
[Result "1/2-1/2"]
[WhiteElo "2513"]
[BlackElo "2467"]
[EventDate "2004.05.22"]
[PlyCount "134"]

1.Nf3 c5 2.g3 Nc6 3.d4 cxd4 4.Nxd4 g6 5.Bg2 Bg7 6.Nb3 d6 7.Nc3 Nf6 8.O-O 
O-O 9.e4 Bg4 10.f3 Be6 11.Nd5 Bxd5 12.exd5 Nb4 13.f4 Qb6+ 14.Kh1 Qb5 15.g4
Rac8 16.g5 Nfxd5 17.c3 Nd3 18.a4 Qc4 19.Na5 Nxc3 20.bxc3 Qxc3 21.Ra3 Nf2+ 
22.Rxf2 Qxc1 23.Qxc1 Rxc1+ 24.Rf1 Rxf1+ 25.Bxf1 Rc8 26.Nxb7 Rc1 27.Kg2 Bd4
28.Bd3 Kg7 29.Na5 Bc5 30.Rb3 Ra1 31.Nc6 Rxa4 32.Kf3 Ra3 33.Rxa3 Bxa3 34.
Nxe7 f6 35.gxf6+ Kxf6 36.Nd5+ Kg7 37.Ba6 Bc5 38.Ke4 Kf7 39.h3 Kg7 40.Kd3 
Kf7 41.Kc4 Ba3 42.Kd3 Bc5 43.Nc3 Kf6 44.Ke4 Ba3 45.Bd3 a5 46.Kd5 Bb4 47.
Ne2 a4 48.Ng3 a3 49.Bb1 Bc5 50.Ne4+ Kg7 51.Nxc5 dxc5 52.Ba2 Kf6 53.Ke4 g5 
54.f5 h5 55.Be6 g4 56.h4 g3 57.Kf3 c4 58.Bxc4 Kxf5 59.Kxg3 Kf6 60.Kf4 a2 
61.Bxa2 Kg7 62.Kg5 Kh8 63.Kxh5 Kg7 64.Kg5 Kh8 65.Kf6 Kh7 66.Bf7 Kh8 67.Bg6
Kg8 1/2-1/2